Unemployed professionals and executives /

Saved in:
Bibliographic Details
Main Author: Berthoud, Richard
Corporate Author: Policy Studies Institute
Format: Book
Language:English
Published: London : Policy Studies Institute, [1979]
Subjects:
LEADER 01082nam a2200289 i 4500
001 c000337259
003 CARM
005 00000000000000.0
008 801204s1979 enka b 00010 eng
015 |a GB80-03067 
019 1 |a 53191796  |z 44288660  |z 45071688  |z 1869866  |5 LACONCORD2021 
020 |a 0853741719 (pbk.) :  |c £4.75 
035 |a (OCoLC)7177805  |5 LACONCORD2021 
043 |a e-uk--- 
050 0 0 |a HD5765.A6  |b B46 
100 1 |a Berthoud, Richard. 
245 1 0 |a Unemployed professionals and executives /  |c [by] Richard Berthoud. 
260 |a London :  |b Policy Studies Institute,  |c [1979] 
300 |a [4], 121 p. :  |b ill. ;  |c 22 cm. 
504 |a Includes bibliographical references. 
650 0 |a Unemployed  |z Great Britain. 
650 0 |a Professions  |z Great Britain. 
710 2 |a Policy Studies Institute. 
852 8 |b CARM  |h A1:AL38G0  |i B10279  |p 0466690  |f BK 
082 0 4 |a 331.13/781  |2 19 
999 f f |i 12c95244-a52c-58d9-8b5a-ef8504fa79c1  |s f64c0f23-e8a0-5950-a4e5-68e518de5688 
952 f f |p Can circulate  |a CAVAL  |b CAVAL  |c CAVAL  |d CARM 1 Store  |e B10279  |f A1:AL38G0  |h Other scheme  |i book  |m 0466690